| 000 | 00757nam a2200169 a 4500 | ||
|---|---|---|---|
| 001 | 000032059 | ||
| 005 | 20200930063408.0 | ||
| 008 | 110712s1996 dr 000 0 spa d | ||
| 040 |
_aDO-SdBNP _bspa _cBNPHU |
||
| 082 |
_axxxx _bP699h |
||
| 111 | 1 |
_aIglesia Católica. _bPlan Nacional de Pastoral _n(2do. : _d1996 _cSanto Domingo) _958184 |
|
| 245 | 1 | 0 |
_aHacia el jubileo del año 2000 : _b1997: Jesucristo, 1998: el espiritu santo 1999: Dios padre. |
| 260 |
_a[Santo Domingo] : _bInstituto Nacional de Pastoral, Comisión Episcopal de Pastoral Familiar, _c1996. |
||
| 300 |
_a47 p. ; _c22 cm. |
||
| 500 | _aEn la cubierta del libro: familia cristiana dominicana préparate para el gran jubileo del nacimiento de nuestro salvador y evangelizador | ||
| 049 | _aBNPD | ||
| 999 |
_c31550 _d31550 |
||